Normal view
MARC view
- Environmental sciences.
Entry Topical Term
001 - CONTROL NUMBER
- control field: 2637
003 - CONTROL NUMBER IDENTIFIER
- control field: NUST
005 - DATE AND TIME OF LATEST TRANSACTION
- control field: 20170614104510.0
008 - FIXED-LENGTH DATA ELEMENTS
- fixed length control field: 170614|| aca||aabn | a|a d
040 ## - CATALOGING SOURCE
- Original cataloging agency: NUST
- Transcribing agency: NUST
150 ## - HEADING--TOPICAL TERM
- Topical term or geographic name entry element: Environmental sciences.
670 ## - SOURCE DATA FOUND
- Source citation: Work cat.: (NUST)0: VanLoon, Gary W. 2636, Environmental chemistry :, c2000.
